MATES, DATES AND COSMIC KISSES (Record no. 2403)
[ view plain ]
| 000 -LEADER | |
|---|---|
| fixed length control field | 00581nam a22001457a 4500 |
| 020 ## - INTERNATIONAL STANDARD BOOK NUMBER | |
| ISBN | 1-85340-624-4 |
| 082 ## - DEWEY DECIMAL CLASSIFICATION NUMBER | |
| Classification number | 823 |
| Item number | HOP/M |
| 100 ## - MAIN ENTRY--AUTHOR NAME | |
| Personal name | HOPKINS, CATHY |
| 245 ## - TITLE STATEMENT | |
| Title | MATES, DATES AND COSMIC KISSES |
| 260 ## - PUBLICATION, DISTRIBUTION, ETC. (IMPRINT) | |
| Place of publication | LONDON |
| Name of publisher | PICCADILLY PRESS |
| Year of publication | 2001 |
| 300 ## - PHYSICAL DESCRIPTION | |
| Number of Pages | 155 |
| 520 ## - SUMMARY, ETC. | |
| Summary, etc | In "Mates, Dates, and Cosmic Kisses" it follows and tells the story of a fourteen-year-old girl named Izzy, and her two best friends Nesta and Lucy. After seeing a boy at a craft fair one day, Izzy was convinced the feeling she had toward him was love. |
| 650 ## - SUBJECT ADDED ENTRY--TOPICAL TERM | |
| Topical Term | NOVEL |
| Geographic subdivision | UNITED KINGDOM |
| 942 ## - ADDED ENTRY ELEMENTS (KOHA) | |
| Koha item type | Books |
| Withdrawn status | Lost status | Collection code | Home library | Current library | Shelving location | Date acquired | Source of acquisition | Full call number | Accession Number | Koha item type |
|---|---|---|---|---|---|---|---|---|---|---|
| Fiction | Main Library | Main Library | SHELF 1-J-ENGLISH NOVELS FOR TEACHERS | 29/05/2017 | purchase | 823 HOP/M | 08665 | Books | ||
| Reference | Main Library | Main Library | SHELF 1-J-ENGLISH NOVELS FOR TEACHERS | 25/03/2014 | purchase | 823 HOP/M | 08157 | Books | ||
| Reference | Main Library | Main Library | SHELF 1-J-ENGLISH NOVELS FOR TEACHERS | 21/03/2014 | purchase | 823 HOP/M | 08037 | Books |